Изкуството да обичаш (Запис номер 389504)
[ съкратено ]
| 000 -Лидер | |
|---|---|
| Контролно поле с фиксирана дължина | 01313nam a2200361 a 4500 |
| 003 - Код на организацията, давaща контролен номер | |
| Контролно поле | BLK |
| 005 - Дата и час на последна редакция | |
| Контролно поле | 20250802113847.0 |
| 008 - Елементи от данни с фиксирана дължина | |
| fixed length control field | 200930b bul||||jr ||||||| ||bul|| |
| 010 ## - Наследен системен номер | |
| LC control number | KNG00085469000 |
| 020 ## - Международен стандартен номер на книга ISBN | |
| Международен стандартен номер на книга ISBN | 9789542830252 |
| 040 ## - Източник на каталожния запис | |
| Идентификатор на билиотеката - собственик на записа | BLK |
| 041 ## - Код за език | |
| Код за езика на текст/звукозапис или на отделно заглавие | Български |
| Код за езика КДБФ | Български |
| 080 ## - УДК | |
| Текстов определител УДК | Афинитет, приятелство, любов, симпатия |
| УДК код - определител по УДК | 316.647.2 |
| УДК - код + определител | 316.647.2 |
| 080 ## - УДК | |
| УДК код - определител по УДК | 177.6/.7 |
| УДК - код + определител | 177.6/.7 |
| 100 1# - Редна дума - Автор | |
| Автор | Фром, Ерих |
| Авторска отговорност | първи автор |
| R(LIN) | 135079 |
| 139 ## - Редно поле | |
| Редна дума | Фром, Ерих |
| Авторски знак | Фром - Ф 86 |
| 245 10 - Сведения за заглавието | |
| Заглавие | Изкуството да обичаш |
| Редно поле (дума) | Ерих Фром; прев. от англ. Владимир Цонев Ганев. |
| 257 ## - Страна на издаване | |
| Страна на създаване/издаване | Германия |
| 260 ## - Област на издателските данни | |
| Име на издателя, разпространителя и проч. | Сиела Норма |
| Година на издаване | 2019 |
| 9 (RLIN) | 217021 |
| Място на издаване, разпространение и проч. | София |
| Издателство - префикс ISBN | 978-954-28- |
| 300 ## - Физическа характеристика | |
| Страници | 136 с. |
| Размери/Мащаб | 20 см |
| 380 ## - Жанр | |
| Жанр | Обществени науки |
| 650 #4 - Допълнително описание по предмет – тема | |
| Основно описание – тема или топоним | Любов - социалнопсихологични проблеми |
| 9 (RLIN) | 257585 |
| 650 #4 - Допълнително описание по предмет – тема | |
| Основно описание – тема или топоним | Социално поведение |
| 9 (RLIN) | 248704 |
| 653 ## - Ключова дума – ненормативна | |
| Ключова дума | любов |
| 653 ## - Ключова дума – ненормативна | |
| Ключова дума | социално поведение |
| 659 ## - Тематичен бюлетин | |
| Тематичен бюлетин | Л |
| 700 1# - Други автори (авторска отговорност) | |
| Лично име | Ганев, Владимир Цонев |
| Автороска отговорност (Описва отношението между автора и произведението) | прев. от англ. |
| 9 (RLIN) | 366132 |
| 856 4# - Електронен адрес и достъп | |
| Електронен формат | pdf - файл |
| 856 4# - Електронен адрес и достъп | |
| Електронен формат | pdf - файл |
| 999 ## - СИСТЕМНИ КОНТРОЛНИ НОМЕРА | |
| Koha biblionumber | 389504 |
| Koha biblioitemnumber | 389504 |
| 942 ## - АРТИКУЛИ | |
| Вид на библиотечния материал | Книги |
| Скрит в OPAC | Не |
| Koha issues (borrowed), all copies | 36 |
| Периодичен библиозапис | Да |
| 944 ## - СЪЗДАВАНЕ И РЕДАКЦИЯ на ЗАПИСА | |
| Създаване/Редакция | Създаване |
| Дата на регистрацията/редакция | 2020-09-30 |
| Служител, извършил регистрацията/редакцията | 30539 |
| Статус, дата на статуса | Кръстинка Христова |
| 999 ## - СИСТЕМНИ КОНТРОЛНИ НОМЕРА | |
| Koha biblioitemnumber | 389504 |
| Код за отписване | Код за изгубен артикул | Източник на класификационната схема | Код за повреда | Коз за рестрикции | Код за отдаване | Артикулен № | Име на библиотеката - собственик | Име на библиотеката, в която се намира в момента | Статус (Текущо местоположение) | Дата на вписване в системата | Местоположение - отдел | Цена в лева | Систематично азбучна сигнатура | Баркод | Цена в евро | Служебен тип на артикула |
|---|---|---|---|---|---|---|---|---|---|---|---|---|---|---|---|---|
| Не е изгубен | Universal Decimal Classification | Не е повреден | без рестрикции | заемане за дома | 802142 | Регионална библиотека "Любен Каравелов" Русе | Регионална библиотека "Любен Каравелов" Русе | Заемна - подръчен фонд | 2020-10-01 | Заемна - подръчен фонд | 7.95 | 316.6/Ф 86 Е | 120000848205 | 4.06 | Книги | |
| Не е изгубен | Universal Decimal Classification | Не е повреден | без рестрикции | заемане за дома | 802143 | Регионална библиотека "Любен Каравелов" Русе | Регионална библиотека "Любен Каравелов" Русе | Заемна - подръчен фонд | 2020-10-01 | Заемна - подръчен фонд | 7.95 | 316.6/Ф 86 Е | 120000848204 | 4.06 | Книги | |
| Не е изгубен | Universal Decimal Classification | Не е повреден | само за читалня | ползва се в читалня | 907141 | Регионална библиотека "Любен Каравелов" Русе | Регионална библиотека "Любен Каравелов" Русе | Хранилище | 2022-10-10 | Основен фонд - ползва се само за читалня | 15.90 | Цб 314853 | 120000878316 | 8.13 | Книги |